LIBRARY & INFORMATION CENTRE, KCAET, TAVANUR

ONLINE PUBLIC ACCESS CATALOGUE (OPAC)

Strength of Materials- Part- I: Elementary Theory and Problems (Record no. 14273)

MARC details
000 -LEADER
fixed length control field 00361nam a22001337a 4500
020 ## - INTERNATIONAL STANDARD BOOK NUMBER
ISBN 8123910304
082 ## - DEWEY DECIMAL CLASSIFICATION NUMBER
Classification number 624.17
Item number TIM/ST
100 ## - MAIN ENTRY--AUTHOR NAME
Personal name Timoshenko,Ste[hen
245 ## - TITLE STATEMENT
Title Strength of Materials- Part- I: Elementary Theory and Problems
250 ## - EDITION STATEMENT
Edition statement 3
260 ## - PUBLICATION, DISTRIBUTION, ETC. (IMPRINT)
Place of publication New Delhi
Name of publisher CBS Publishers nd Distributors Pvt.Ltd
Year of publication 2002
300 ## - PHYSICAL DESCRIPTION
Number of Pages 442
942 ## - ADDED ENTRY ELEMENTS (KOHA)
Koha item type Books
Holdings
Withdrawn status Lost status Damaged status Collection code Home library Current library Shelving location Date acquired Source of acquisition Cost, normal purchase price Full call number Accession Number Koha item type
        KAUAET KAUAET General Stacks 10/06/2016 Penta Books, Calicut 235.00 624.17 TIM/ST 24207 Books
        KAUAET KAUAET General Stacks 24/03/2017 Penta Book Distributors 350.00 624.17 TIM/ST 25151 Books
        KAUAET KAUAET General Stacks 24/03/2017 Penta Book Distributors 350.00 624.17 TIM/ST 25152 Books
free website counter